Business reading

সংরক্ষণ করুন:
গ্রন্থ-পঞ্জীর বিবরন
প্রধান লেখক: Land,Geoffrey
বিন্যাস: গ্রন্থ
ভাষা:Vietnamese
প্রকাশিত: [kxd] Longman [kxd]
বিষয়গুলি:
ট্যাগগুলো: ট্যাগ যুক্ত করুন
কোনো ট্যাগ নেই, প্রথমজন হিসাবে ট্যাগ করুন!
Thư viện lưu trữ: Trung tâm Học liệu Lê Vũ Hùng, Trường Đại học Đồng Tháp
LEADER 00761pam a22002298a 4500
001 00025984
005 20171026081023.0
008 110812s[kxd ||||||viesd
041 0 # |a vie 
082 1 4 |a 428  |b B500S 
100 0 # |a Land,Geoffrey 
245 0 0 |a Business reading  |c Geoffrey Land 
260 # # |c [kxd]  |a [kxd]  |b Longman 
300 # # |a 78p.  |c 29cm. 
653 # # |a bài đọc 
653 # # |a tiếng anh 
653 # # |a kinh doanh 
852 # # |b Kho giáo trình  |j KGT.0027998, KGT.0027999, KGT.0028000, KGT.0028001, KGT.0028002 
852 # # |j KGT.0027998  |j KGT.0028000  |j KGT.0028001  |j KGT.0027999  |j KGT.0028002 
852 # # |b Kho mượn  |j KGT.0027998 
910 |d 12/08/2011 
980 # # |a Trung tâm Học liệu Lê Vũ Hùng, Trường Đại học Đồng Tháp